Höchste und niedrigste Augenarztdichten in Deutschland - Statistiken

Allgemein
  • Dieses Quiz wurde 13 mal gespielt
  • Das Durchschnittsergebnis liegt bei 10 aus 40
Antwortstatistiken
Arztdichte pro 100.000 Einwohner kreisfreie Stadt/Landkreis % Korrekt
10,49 Stadt Ulm
62%
4,19 Kreis Trier-Saarburg
54%
12,28 Stadt Trier
54%
3,03 Kreis Fürth
46%
10,41 Stadt Freiburg im Breisgau
46%
10,45 Stadt Jena
46%
11,16 Stadt Kiel
46%
11,14 Stadt Magdeburg
46%
10,43 Stadt Oldenburg
46%
10,39 Stadt Erfurt
38%
10,92 Stadt Lübeck
38%
11,72 Stadt Regensburg
38%
17,94 Stadt Würzburg
38%
4,27 Kreis Cuxhaven
31%
4,24 Kreis Heilbronn
31%
12,36 Stadt Halle (Saale)
31%
10,39 Stadt Heilbronn
31%
11,05 Stadt Koblenz
31%
10,70 Stadt Pforzheim
31%
2,92 Kreis Gotha
23%
11,75 Stadt Cottbus
23%
11,05 Stadt Ingolstadt
23%
12,56 Stadt Wolfsburg
23%
4,26 Kreis Eifelkreis Bitburg-Prüm
15%
4,10 Kreis Rhein-Lahn-Kreis
15%
12,41 Stadt Bremerhaven
15%
4,10 Kreis Cham
8%
3,34 Kreis Enzkreis
8%
2,90 Kreis Gifhorn
8%
4,12 Kreis Höxter
8%
2,07 Kreis Odenwaldkreis
8%
4,16 Kreis Sömmerda
8%
12,66 Stadt Dessau-Roßlau
8%
3,66 Kreis Hohenlohekreis
0%
4,18 Kreis Holzminden
0%
3,39 Kreis Kitzingen
0%
2,88 Kreis Kronach
0%
3,43 Kreis Neckar-Odenwald-Kreis
0%
3,05 Kreis Peine
0%
3,29 Kreis Wolfenbüttel
0%
Keine übereinstimmenden Quizze gefunden
Verteilung der Resultate
Anzahl Personen mit jedem Resultat
Perzentil nach korrekt beantworteten Fragen
Ihre Resultats-Entwicklung
Sie haben dieses Quiz noch nicht gespielt